[Event "SportAccord Blindfold Women 2012"]
[Site "Beijing CHN"]
[Date "2012.12.18"]
[Round "1.1"]
[White "Zhao, Xue"]
[Black "Koneru, Humpy"]
[Result "0-1"]
[WhiteElo "2565"]
[BlackElo "2610"]
[PlyCount "66"]
[EventDate "2012.12.18"]

1. c4 e6 2. Nf3 Nf6 3. b3 d5 4. Bb2 Bd6 5. e3 O-O 6. Be2 b6 7. O-O Bb7 8. Nc3
Nbd7 9. Rc1 a6 10. cxd5 exd5 11. Qc2 Qe7 12. Rfe1 Rfe8 13. Bf1 Rac8 14. Ne2 c5
15. Ng3 g6 16. Qb1 Ne4 17. d4 Ng5 18. Ne5 Ne4 19. Nxd7 Qxd7 20. dxc5 bxc5 21.
Nxe4 Rxe4 22. g3 Ree8 23. Bg2 Be5 24. Red1 Qe6 25. Rd2 Rc7 26. Qa1 Bxb2 27.
Qxb2 h5 28. h4 Rd8 29. Rdc2 Qb6 30. Qe5 a5 31. Qg5 Rdd7 32. Qe5 Re7 33. Rc3
Rxe5 0-1

[Event "SportAccord Blindfold Women 2012"]
[Site "Beijing CHN"]
[Date "2012.12.18"]
[Round "1.2"]
[White "Hou, Yifan"]
[Black "Zatonskih, Anna"]
[Result "1-0"]
[WhiteElo "2606"]
[BlackElo "2489"]
[PlyCount "133"]
[EventDate "2012.12.18"]

1. e4 e6 2. d4 d5 3. Nc3 dxe4 4. Nxe4 Nd7 5. Nf3 Ngf6 6. Nxf6+ Nxf6 7. Bd3 Be7
8. O-O O-O 9. b3 b6 10. Bb2 Bb7 11. c4 c5 12. dxc5 Bxc5 13. Qe2 Qe7 14. Ng5 h6
15. Bxf6 gxf6 16. Ne4 Bxe4 17. Bxe4 Rad8 18. Rae1 Qd6 19. Qg4+ Kh8 20. Qh4 Kg7
21. Bc2 f5 22. b4 Bxb4 23. Re3 Qe7 24. Qg3+ Qg5 25. Qe5+ Kh7 26. Qc7 Bc5 27. h4
Qf6 28. Rf3 a5 29. h5 Rg8 30. Qb7 Kh8 31. Qc7 Qg7 32. g3 Rd2 33. Bb3 Bd4 34.
Qf4 Rb2 35. Qc1 Bc5 36. Kg2 Bd4 37. Kg1 e5 38. Rd3 f4 39. Rxd4 fxg3 40. Rg4
gxf2+ 41. Kh1 Qf6 42. Rxg8+ Kxg8 43. Qxb2 Qf3+ 44. Kh2 Qxh5+ 45. Kg2 Qg4+ 46.
Kxf2 Qf4+ 47. Ke1 Qe3+ 48. Qe2 Qc1+ 49. Kf2 Qf4+ 50. Kg1 Qg5+ 51. Qg2 Kg7 52.
Qxg5+ hxg5 53. c5 bxc5 54. Rxf7+ Kg6 55. Rc7 Kf5 56. Rxc5 Kf4 57. Rxa5 e4 58.
Ra4 Ke5 59. Bc2 Kf4 60. Rxe4+ Kg3 61. a4 g4 62. a5 Kh4 63. a6 Kh3 64. a7 g3 65.
a8=Q g2 66. Qc8+ Kg3 67. Qg4# 1-0

[Event "SportAccord Blindfold Women 2012"]
[Site "Beijing CHN"]
[Date "2012.12.18"]
[Round "1.5"]
[White "Cmilyte, Viktorija"]
[Black "Muzychuk, Anna"]
[Result "1/2-1/2"]
[WhiteElo "2524"]
[BlackElo "2586"]
[PlyCount "65"]
[EventDate "2012.12.18"]

1. d4 e6 2. c4 Bb4+ 3. Bd2 a5 4. Nf3 d6 5. g3 Nc6 6. Bg2 e5 7. d5 Bxd2+ 8.
Nbxd2 Nb8 9. c5 Nf6 10. cxd6 cxd6 11. O-O O-O 12. Nc4 b5 13. Ne3 Na6 14. Rc1
Bd7 15. Nh4 g6 16. a3 Qb6 17. Qd2 Rac8 18. Nef5 Rxc1 19. Rxc1 Ng4 20. Ne7+ Kg7
21. e4 Nc5 22. Rf1 h6 23. Nc6 a4 24. Qe2 Nf6 25. Nb4 Rc8 26. h3 Nb3 27. Kh2 Qd4
28. Rd1 Qc4 29. Qe3 Qc5 30. Qe2 Qc4 31. Qe3 Qc5 32. Qe2 Qc4 33. Qe3 1/2-1/2

[Event "SportAccord Blindfold Women 2012"]
[Site "Beijing CHN"]
[Date "2012.12.18"]
[Round "1.6"]
[White "Kosteniuk, Alexandra"]
[Black "Danielian, Elina"]
[Result "1/2-1/2"]
[WhiteElo "2501"]
[BlackElo "2476"]
[PlyCount "116"]
[EventDate "2012.12.18"]

1. e4 c6 2. d4 d5 3. e5 Bf5 4. Nf3 e6 5. Be2 c5 6. O-O Nc6 7. c3 Rc8 8. a3 h6
9. b4 cxd4 10. Nxd4 Nxd4 11. Qxd4 a6 12. a4 Ne7 13. b5 axb5 14. axb5 Ng6 15.
Ba3 Bxa3 16. Rxa3 Qc7 17. f4 Bxb1 18. b6 Qe7 19. Qa4+ Kf8 20. Rxb1 Qc5+ 21. Kh1
Qe3 22. Bh5 Kg8 23. Qd7 Kh7 24. Bxg6+ fxg6 25. Qxe6 Rhf8 26. Qxd5 Rxf4 27. h3
Rcf8 28. Raa1 g5 29. Re1 Qxb6 30. e6 g4 31. e7 Re8 32. hxg4 Rxg4 33. Qf5+ Qg6
34. Qxg6+ Kxg6 35. Rab1 Rc4 36. Rxb7 Rxc3 37. Kh2 Rc6 38. Kh3 Kf7 39. Kh4 Re6
40. Rxe6 Kxe6 41. g4 Rxe7 42. Rxe7+ Kxe7 43. g5 hxg5+ 44. Kxg5 Kf7 45. Kf5 g6+
46. Kg5 Kg7 47. Kg4 Kf6 48. Kf4 g5+ 49. Kg4 Kg6 50. Kg3 Kf5 51. Kf3 g4+ 52. Kg3
Kg5 53. Kg2 Kf4 54. Kf2 g3+ 55. Kg2 Kg4 56. Kg1 Kf3 57. Kf1 g2+ 58. Kg1 Kg3
1/2-1/2

[Event "SportAccord Blindfold Women 2012"]
[Site "Beijing CHN"]
[Date "2012.12.18"]
[Round "1.7"]
[White "Socko, Monika"]
[Black "Cramling, Pia"]
[Result "0-1"]
[WhiteElo "2445"]
[BlackElo "2516"]
[PlyCount "90"]
[EventDate "2012.12.18"]

1. d4 d5 2. c4 dxc4 3. Nf3 e6 4. e3 b5 5. a4 b4 6. Bxc4 Nf6 7. O-O Bb7 8. Nbd2
Be7 9. a5 a6 10. Qe2 c5 11. dxc5 Qc7 12. b3 O-O 13. Bb2 Nbd7 14. e4 Nxc5 15. e5
Nd5 16. Rfc1 Rfc8 17. Qe1 Nf4 18. Qe3 Nd5 19. Qe1 Qd8 20. g3 Rc7 21. Bf1 Rac8
22. h4 h6 23. Bd4 Rd7 24. Rc4 Rdc7 25. Rac1 Nd7 26. Rxc7 Rxc7 27. Rxc7 Qxc7 28.
Nc4 Nc5 29. Nfd2 Nc3 30. Bg2 Bxg2 31. Kxg2 Nxb3 32. Bb6 Qc6+ 33. f3 Nxd2 34.
Nxd2 Qd5 35. Nf1 Bc5 36. Bxc5 Qxc5 37. Qd2 Qxa5 38. Qd7 Qb5 39. Qd8+ Kh7 40.
Nd2 Qe2+ 41. Kh3 Nd5 42. Ne4 Qxf3 43. Ng5+ hxg5 44. hxg5 Nf4+ 45. Kh4 Qh5# 0-1

[Event "SportAccord Blindfold Women 2012"]
[Site "Beijing CHN"]
[Date "2012.12.18"]
[Round "2.1"]
[White "Koneru, Humpy"]
[Black "Lahno, Kateryna"]
[Result "1-0"]
[WhiteElo "2610"]
[BlackElo "2553"]
[PlyCount "119"]
[EventDate "2012.12.18"]

1. Nf3 g6 2. g3 Bg7 3. d4 Nf6 4. Bg2 c5 5. c4 cxd4 6. O-O d5 7. cxd5 Nxd5 8.
Nxd4 O-O 9. Nb3 Nb6 10. Nc3 Nc6 11. Bf4 h6 12. Qc1 g5 13. Rd1 Bd7 14. Be3 Qc8
15. h4 Bf5 16. hxg5 h5 17. Nd4 Bg6 18. Nxc6 bxc6 19. Bd4 Bxd4 20. Rxd4 c5 21.
Rh4 Rb8 22. Bf3 Rd8 23. Qe3 Rd4 24. Rxd4 cxd4 25. Qxd4 Qf5 26. Qf4 Qxf4 27.
gxf4 e6 28. Rd1 Kf8 29. Kg2 Ke7 30. e3 Nc4 31. b3 Nd6 32. Ne2 Nf5 33. Rh1 Rd8
34. Ng3 Rd2 35. Nxf5+ Bxf5 36. Bxh5 Rxa2 37. Rc1 Bc2 38. b4 f6 39. Kg3 e5 40.
gxf6+ Kxf6 41. fxe5+ Kxe5 42. Bd1 Be4 43. Rc5+ Kd6 44. Bf3 Bb1 45. Rd5+ Ke6 46.
Rd4 Rb2 47. Bd5+ Kf6 48. f4 Kf5 49. Kf3 Rh2 50. Be4+ Bxe4+ 51. Rxe4 Rh3+ 52.
Kg2 Rh7 53. Re5+ Kf6 54. Kf3 Rb7 55. Ra5 Rxb4 56. Ra6+ Kf7 57. Rxa7+ Kf6 58.
Ra6+ Kf7 59. e4 Rb1 60. Kg4 1-0

[Event "SportAccord Blindfold Women 2012"]
[Site "Beijing CHN"]
[Date "2012.12.18"]
[Round "2.2"]
[White "Cramling, Pia"]
[Black "Hou, Yifan"]
[Result "0-1"]
[WhiteElo "2516"]
[BlackElo "2606"]
[PlyCount "84"]
[EventDate "2012.12.18"]

1. d4 Nf6 2. Nf3 e6 3. c4 d5 4. Nc3 Bb4 5. Bg5 Nbd7 6. cxd5 exd5 7. e3 c5 8.
Qc2 Qa5 9. Bd3 c4 10. Bf5 O-O 11. O-O Re8 12. Nd2 g6 13. Bxd7 Nxd7 14. e4 Bxc3
15. Qxc3 Qxc3 16. bxc3 f6 17. Bf4 Nb6 18. f3 Bd7 19. Rab1 Bc6 20. Rfe1 Na4 21.
Re3 g5 22. Bd6 Re6 23. Bb4 a5 24. Bc5 Rae8 25. Bb6 Ra8 26. g4 Kf7 27. Kf2 Ra6
28. Bc7 b5 29. a3 Ra7 30. Bg3 Rb7 31. exd5 Bxd5 32. Ne4 Kg6 33. h3 Rbe7 34.
Rxb5 Bxe4 35. fxe4 Rxe4 36. Rxe4 Rxe4 37. Rxa5 Nxc3 38. Kf3 Rxd4 39. Rc5 Rd3+
40. Kg2 Rxg3+ 41. Kh2 Na4 42. Rxc4 Rxa3 0-1

[Event "SportAccord Blindfold Women 2012"]
[Site "Beijing CHN"]
[Date "2012.12.18"]
[Round "2.4"]
[White "Muzychuk, Anna"]
[Black "Harika, Dronavalli"]
[Result "1/2-1/2"]
[WhiteElo "2586"]
[BlackElo "2512"]
[PlyCount "62"]
[EventDate "2012.12.18"]

1. e4 e5 2. Nf3 Nc6 3. d4 exd4 4. Nxd4 Nf6 5. Nc3 Bb4 6. Nxc6 bxc6 7. Bd3 d5 8.
exd5 Qe7+ 9. Qe2 Qxe2+ 10. Kxe2 Nxd5 11. Nxd5 cxd5 12. Bf4 c6 13. c3 Be7 14.
Rhe1 Be6 15. Kd2 Kd7 16. Re2 Bd6 17. Bxd6 Kxd6 18. f4 Rae8 19. Rae1 h6 20. Re5
Bd7 21. b4 f6 22. Rxe8 Rxe8 23. Rxe8 Bxe8 24. Ke3 c5 25. a3 g5 26. g3 Bd7 27.
Be2 Bf5 28. Bf1 Bg6 29. Be2 Bf5 30. Bf1 Bg6 31. Be2 Bf5 1/2-1/2

[Event "SportAccord Blindfold Women 2012"]
[Site "Beijing CHN"]
[Date "2012.12.18"]
[Round "2.5"]
[White "Khotenashvili, Bela"]
[Black "Kosteniuk, Alexandra"]
[Result "0-1"]
[WhiteElo "2504"]
[BlackElo "2501"]
[PlyCount "100"]
[EventDate "2012.12.18"]

1. Nf3 Nf6 2. g3 d5 3. Bg2 Nbd7 4. c4 c6 5. O-O e5 6. cxd5 Nxd5 7. e4 N5b6 8.
d4 Bd6 9. a4 a5 10. Nc3 O-O 11. h3 h6 12. Re1 Re8 13. b3 exd4 14. Nxd4 Bb4 15.
Bb2 Nc5 16. Re2 Ne6 17. Rd2 Nxd4 18. Rxd4 Qe7 19. Ne2 Nd7 20. Nf4 Ne5 21. Qh5
Qg5 22. Rc1 Qxh5 23. Nxh5 f6 24. Nf4 Kf7 25. Rdd1 g5 26. Ne2 Nd7 27. Bf3 Kg6
28. Bd4 Ne5 29. Bg2 Nf7 30. f4 Nd6 31. e5 Nf5 32. Be4 Kf7 33. Bb2 gxf4 34. gxf4
Be6 35. Bf3 Rg8+ 36. Kh2 fxe5 37. Bxe5 Rad8 38. Rxd8 Rxd8 39. Rg1 Rd2 40. Bh5+
Ke7 41. Rg2 Bxb3 42. Bg4 Ne3 43. Rf2 Nxg4+ 44. hxg4 Bc4 45. Bg7 Rxe2 46. Rxe2+
Bxe2 47. Kh3 h5 48. g5 Bg4+ 49. Kg3 Kf7 50. Ba1 Kg6 0-1

[Event "SportAccord Blindfold Women 2012"]
[Site "Beijing CHN"]
[Date "2012.12.18"]
[Round "2.6"]
[White "Paehtz, Elisabeth"]
[Black "Cmilyte, Viktorija"]
[Result "0-1"]
[WhiteElo "2482"]
[BlackElo "2524"]
[PlyCount "100"]
[EventDate "2012.12.18"]

1. e4 c5 2. Nc3 g6 3. f4 Bg7 4. Nf3 Nc6 5. g3 d6 6. Bg2 e5 7. d3 Nge7 8. O-O
O-O 9. Be3 Nd4 10. Qd2 Bg4 11. Nh4 exf4 12. Bxf4 Qd7 13. Kh1 b5 14. Nd1 d5 15.
Ne3 Be6 16. c3 Ndc6 17. exd5 Nxd5 18. Nxd5 Bxd5 19. Nf3 Rad8 20. Bg5 f6 21. Be3
c4 22. dxc4 Bxc4 23. Qxd7 Rxd7 24. Rfe1 Re8 25. Nd4 Nxd4 26. Bxd4 Rde7 27. Rxe7
Rxe7 28. Bf3 f5 29. Bxg7 Kxg7 30. Kg2 g5 31. b3 Bf7 32. Kf2 Rc7 33. Rc1 Kf6 34.
Be2 b4 35. c4 Ke5 36. Rd1 Be6 37. Rd3 f4 38. gxf4+ gxf4 39. Bf3 Rd7 40. Rxd7
Bxd7 41. Ke2 Kd4 42. Kd2 Bf5 43. h4 a5 44. Be2 Be4 45. Bf1 f3 46. Bh3 Bd3 47.
c5 f2 48. c6 f1=Q 49. Bxf1 Bxf1 50. c7 Bh3 0-1

[Event "SportAccord Blindfold Women 2012"]
[Site "Beijing CHN"]
[Date "2012.12.18"]
[Round "2.8"]
[White "Zatonskih, Anna"]
[Black "Socko, Monika"]
[Result "1-0"]
[WhiteElo "2489"]
[BlackElo "2445"]
[PlyCount "145"]
[EventDate "2012.12.18"]

1. e4 e6 2. d4 d5 3. e5 c5 4. c3 Nc6 5. g3 Qb6 6. Ne2 Bd7 7. Bh3 Nh6 8. O-O
cxd4 9. cxd4 Nf5 10. Bxf5 exf5 11. Nbc3 Be6 12. Rb1 Be7 13. b4 O-O 14. Be3 Rac8
15. a3 Nb8 16. Qd2 Rc4 17. Nf4 Rd8 18. h4 Qc6 19. Rfc1 Rc8 20. Nfe2 Nd7 21. Bg5
Bf8 22. Qa2 Nxe5 23. b5 Qe8 24. Kg2 Nd3 25. Rd1 Rxc3 26. Nxc3 Rxc3 27. Rb3 Rxb3
28. Qxb3 h6 29. Bd2 Bd7 30. Qxd3 Bxb5 31. Qe3 Qxe3 32. Bxe3 a6 33. Rc1 Bc4 34.
a4 b5 35. axb5 axb5 36. Bd2 Ba3 37. Rb1 Kf8 38. Bb4+ Bxb4 39. Rxb4 Ke7 40. Kf3
g5 41. hxg5 hxg5 42. Ke3 Kd6 43. f4 g4 44. Kd2 f6 45. Kc3 Kc6 46. Rb2 Kd6 47.
Rh2 Ke6 48. Rh7 Bd3 49. Ra7 Bc4 50. Kb4 Kd6 51. Ra6+ Ke7 52. Kc5 Kf7 53. Rb6
Ke7 54. Rb7+ Ke6 55. Kc6 Bd3 56. Rb8 Bc4 57. Rb6 Ke7 58. Kc5 Kf7 59. Kd6 Kg6
60. Ke6 Kg7 61. Ke7 Bd3 62. Rxf6 Bc4 63. Rb6 Bd3 64. Kd6 Bc4 65. Ke5 Kf7 66.
Rb7+ Kg6 67. Ke6 Bd3 68. Rb6 Bc4 69. Kd6 Kf6 70. Kc5+ Ke7 71. Rxb5 Ke6 72. Rb6+
Ke7 73. Rd6 1-0

[Event "SportAccord Blindfold Women 2012"]
[Site "Beijing CHN"]
[Date "2012.12.18"]
[Round "3.1"]
[White "Hou, Yifan"]
[Black "Koneru, Humpy"]
[Result "1-0"]
[WhiteElo "2606"]
[BlackElo "2610"]
[PlyCount "105"]
[EventDate "2012.12.18"]

1. e4 e5 2. Nc3 Nf6 3. g3 d5 4. exd5 Nxd5 5. Bg2 Nxc3 6. bxc3 Bd6 7. Nf3 O-O 8.
O-O Nc6 9. d4 Bg4 10. h3 Bh5 11. g4 Bg6 12. dxe5 Nxe5 13. Nxe5 Bxe5 14. Ba3
Bxc3 15. Rb1 Qxd1 16. Rbxd1 Rfd8 17. Bxb7 Rxd1 18. Rxd1 Rb8 19. Rd7 Be5 20. Bd5
h5 21. Kg2 hxg4 22. hxg4 Rb1 23. Re7 Bf4 24. Kf3 Bh2 25. Bb3 a5 26. Bc5 Rd1 27.
Ke2 Rd8 28. a4 Bf4 29. Kf3 Bh2 30. Ke3 Rd1 31. f4 Re1+ 32. Kf3 Rxe7 33. Bxe7
Bg1 34. f5 Bh7 35. Ke4 g6 36. f6 g5+ 37. Kd5 Bg6 38. Bd8 Bh2 39. Kc6 Be4+ 40.
Kd7 Bf3 41. Bxc7 Bxg4+ 42. Kd8 Bxc7+ 43. Kxc7 Bf3 44. Kd6 Kf8 45. Ke5 Bg4 46.
Bc4 Ke8 47. Bb5+ Kd8 48. Kd6 Bf3 49. c4 g4 50. c5 g3 51. c6 g2 52. c7+ Kc8 53.
Bd7+ 1-0

[Event "SportAccord Blindfold Women 2012"]
[Site "Beijing CHN"]
[Date "2012.12.18"]
[Round "3.2"]
[White "Cmilyte, Viktorija"]
[Black "Danielian, Elina"]
[Result "1-0"]
[WhiteElo "2524"]
[BlackElo "2476"]
[PlyCount "59"]
[EventDate "2012.12.18"]

1. c4 c5 2. Nf3 g6 3. d4 Bg7 4. e4 cxd4 5. Nxd4 Nc6 6. Be3 Nf6 7. Nc3 Ng4 8.
Qxg4 Nxd4 9. Qd1 Ne6 10. Qd2 O-O 11. Be2 d6 12. O-O Bd7 13. Rfd1 Bc6 14. f3 a6
15. Nd5 b5 16. Rac1 bxc4 17. Bxc4 Ba4 18. b3 Bb5 19. a4 Bxc4 20. Rxc4 Rb8 21.
b4 Qd7 22. Qc2 f5 23. Rc6 fxe4 24. Qxe4 Be5 25. Rxa6 Nd8 26. Ra7 Rb7 27. Nb6
Qc7 28. Rxb7 Nxb7 29. Rc1 Qb8 30. Nd7 1-0

[Event "SportAccord Blindfold Women 2012"]
[Site "Beijing CHN"]
[Date "2012.12.18"]
[Round "3.3"]
[White "Kosteniuk, Alexandra"]
[Black "Muzychuk, Anna"]
[Result "1/2-1/2"]
[WhiteElo "2501"]
[BlackElo "2586"]
[PlyCount "65"]
[EventDate "2012.12.18"]

1. e4 d5 2. exd5 Nf6 3. d4 Bg4 4. Nf3 Qxd5 5. Be2 Nc6 6. c4 Qh5 7. O-O O-O-O 8.
h3 e5 9. d5 e4 10. hxg4 Nxg4 11. Bf4 exf3 12. Bxf3 f5 13. Nd2 Bd6 14. Bxg4 fxg4
15. Bg3 Bxg3 16. fxg3 Ne5 17. Qc2 Rhf8 18. Rxf8 Rxf8 19. Rf1 Rxf1+ 20. Kxf1
Qf7+ 21. Ke2 h5 22. Qe4 Nd7 23. Nb3 Nf6 24. Qf5+ Kb8 25. a3 Qe8+ 26. Qe6 Qg6
27. Nd2 a6 28. d6 cxd6 29. Qxd6+ Ka7 30. Qc5+ Kb8 31. Qd6+ Ka7 32. Qc5+ Kb8 33.
Qd6+ 1/2-1/2

[Event "SportAccord Blindfold Women 2012"]
[Site "Beijing CHN"]
[Date "2012.12.18"]
[Round "3.4"]
[White "Lahno, Kateryna"]
[Black "Zatonskih, Anna"]
[Result "1-0"]
[WhiteElo "2553"]
[BlackElo "2489"]
[PlyCount "60"]
[EventDate "2012.12.18"]

1. e4 e6 2. d4 d5 3. e5 b6 4. c3 Qd7 5. Nf3 Ne7 6. Bd3 Ba6 7. Bxa6 Nxa6 8. a4
c5 9. Qe2 Nc7 10. b3 Nc6 11. O-O Be7 12. Na3 O-O 13. Nc2 Rfb8 14. Bg5 b5 15.
dxc5 Bxc5 16. b4 Be7 17. Bxe7 Nxe7 18. Ncd4 f5 19. exf6 gxf6 20. Nxb5 Nxb5 21.
axb5 Rxb5 22. Nd4 Rb6 23. f4 Re8 24. Rf3 Kh8 25. Re3 Ng6 26. Re1 Nxf4 27. Qf3
Qd6 28. g3 e5 29. Qxf4 Rg8 30. Qh4 Rb7 1-0

[Event "SportAccord Blindfold Women 2012"]
[Site "Beijing CHN"]
[Date "2012.12.18"]
[Round "3.5"]
[White "Harika, Dronavalli"]
[Black "Cramling, Pia"]
[Result "1-0"]
[WhiteElo "2512"]
[BlackElo "2516"]
[PlyCount "59"]
[EventDate "2012.12.18"]

1. d4 d5 2. c4 dxc4 3. e4 c5 4. d5 Nf6 5. Nc3 e6 6. Bxc4 exd5 7. Nxd5 Be7 8.
Ne2 Nxe4 9. Bf4 Nd6 10. Bb3 Nc6 11. Nxe7 Kxe7 12. O-O Nf5 13. Qc2 Kf8 14. Rfe1
Qb6 15. Qe4 Bd7 16. Ng3 Ncd4 17. Nxf5 Nxf5 18. g4 Qg6 19. Qd5 Qxg4+ 20. Bg3 Nh6
21. Rad1 Be8 22. Qxc5+ Kg8 23. Qe7 Qc8 24. Rc1 Qd7 25. Qe5 Ng4 26. Qf4 Nf6 27.
Rc7 Qd8 28. Bh4 h6 29. Ree7 Rc8 30. Bxf6 1-0

[Event "SportAccord Blindfold Women 2012"]
[Site "Beijing CHN"]
[Date "2012.12.18"]
[Round "3.7"]
[White "Zhao, Xue"]
[Black "Paehtz, Elisabeth"]
[Result "1-0"]
[WhiteElo "2565"]
[BlackElo "2482"]
[PlyCount "67"]
[EventDate "2012.12.18"]

1. d4 g6 2. c4 Bg7 3. Nf3 d6 4. Nc3 Nf6 5. e4 O-O 6. Be2 e5 7. O-O exd4 8. Nxd4
Re8 9. f3 c6 10. Nc2 Nh5 11. Be3 f5 12. Qd2 f4 13. Bf2 Na6 14. Rfd1 Be5 15. c5
Qg5 16. cxd6 Bh3 17. Bc4+ Kh8 18. Bd4 Rad8 19. Qf2 Nb8 20. Bxe5+ Rxe5 21. Rd2
a6 22. Rad1 Nd7 23. Bf1 Be6 24. Ne1 Bf7 25. b4 Ree8 26. Nd3 Qf6 27. Na4 Bc4 28.
Nac5 Bxd3 29. Bxd3 Nxc5 30. bxc5 Rd7 31. Rb1 Qc3 32. Bf1 Re5 33. Rc2 Qa5 34.
Qd4 1-0

[Event "SportAccord Blindfold Women 2012"]
[Site "Beijing CHN"]
[Date "2012.12.18"]
[Round "3.8"]
[White "Socko, Monika"]
[Black "Khotenashvili, Bela"]
[Result "1/2-1/2"]
[WhiteElo "2445"]
[BlackElo "2504"]
[PlyCount "62"]
[EventDate "2012.12.18"]

1. d4 d5 2. c4 e6 3. Nc3 Bb4 4. Nf3 Nf6 5. Bg5 h6 6. Bxf6 Qxf6 7. e3 O-O 8. Rc1
dxc4 9. Bxc4 c5 10. O-O cxd4 11. Nxd4 Qe7 12. Qb3 Ba5 13. Rfd1 a6 14. Be2 b5
15. Bf3 Ra7 16. a3 Bb7 17. Bxb7 Rxb7 18. Ne4 Rd8 19. Nf3 Rxd1+ 20. Qxd1 Rc7 21.
b4 Bb6 22. Ne5 Rxc1 23. Qxc1 Qc7 24. Qb2 Nd7 25. Nxd7 Qxd7 26. Qc2 Qd5 27. h3
a5 28. Qc8+ Kh7 29. Qc2 Kg8 30. Qc8+ Kh7 31. Qc2 Kg8 1/2-1/2

[Event "SportAccord Blindfold Women 2012"]
[Site "Beijing CHN"]
[Date "2012.12.18"]
[Round "4.1"]
[White "Cmilyte, Viktorija"]
[Black "Hou, Yifan"]
[Result "1-0"]
[WhiteElo "2524"]
[BlackElo "2606"]
[PlyCount "99"]
[EventDate "2012.12.18"]

1. Nf3 Nf6 2. c4 e6 3. Nc3 d5 4. d4 Bb4 5. Qa4+ Nc6 6. Bg5 h6 7. Bxf6 Qxf6 8.
e3 O-O 9. Rc1 Rd8 10. Be2 Bd7 11. Qc2 dxc4 12. Bxc4 e5 13. dxe5 Nxe5 14. Nxe5
Qxe5 15. Bxf7+ Kh8 16. Bg6 Bc6 17. O-O Rd6 18. Rfd1 Rf6 19. Be4 Bxc3 20. Bxc6
Bxb2 21. Bxb7 Bxc1 22. Bxa8 Ba3 23. Rd8+ Rf8 24. Rxf8+ Bxf8 25. g3 c5 26. Qc4
Qb8 27. Be4 Qe5 28. Bc2 Be7 29. Qa6 Qc7 30. Qg6 Kg8 31. Bb3+ c4 32. Qe6+ Kf8
33. Bxc4 Bf6 34. Bb5 Qb8 35. Bd3 Qb6 36. Qd5 Qd8 37. Qc5+ Be7 38. Qf5+ Bf6 39.
Bc4 Qc7 40. Qe6 a5 41. a4 Be5 42. Kg2 Qb7+ 43. Bd5 Qc7 44. f4 Bf6 45. Kf3 Bb2
46. Kg4 Bc3 47. e4 g5 48. e5 Qg7 49. Qc8+ Ke7 50. Qc7+ 1-0

[Event "SportAccord Blindfold Women 2012"]
[Site "Beijing CHN"]
[Date "2012.12.18"]
[Round "4.2"]
[White "Koneru, Humpy"]
[Black "Kosteniuk, Alexandra"]
[Result "1-0"]
[WhiteElo "2610"]
[BlackElo "2501"]
[PlyCount "39"]
[EventDate "2012.12.18"]

1. d4 Nf6 2. c4 e6 3. Nf3 b6 4. g3 Bb7 5. Bg2 Be7 6. O-O O-O 7. Nc3 Ne4 8. Qc2
Nxc3 9. Qxc3 f5 10. b3 Bf6 11. Bb2 Qe7 12. Qd2 Nc6 13. Rfe1 Nd8 14. Ne5 Bxg2
15. Kxg2 d6 16. Nf3 g5 17. e4 g4 18. Ng1 Bg5 19. Qe2 Bc1 20. Raxc1 1-0

[Event "SportAccord Blindfold Women 2012"]
[Site "Beijing CHN"]
[Date "2012.12.18"]
[Round "4.3"]
[White "Lahno, Kateryna"]
[Black "Harika, Dronavalli"]
[Result "1/2-1/2"]
[WhiteElo "2553"]
[BlackElo "2512"]
[PlyCount "62"]
[EventDate "2012.12.18"]

1. e4 e5 2. Nf3 Nc6 3. Bb5 Nf6 4. O-O Nxe4 5. Re1 Nd6 6. Nxe5 Be7 7. Nxc6 dxc6
8. Bf1 O-O 9. d4 Bf5 10. c3 Re8 11. Nd2 Bg5 12. Nf3 Bxc1 13. Rxc1 Bg4 14. Qd3
Bxf3 15. Qxf3 Qg5 16. Rcd1 Qd5 17. Qxd5 cxd5 18. Bd3 Rxe1+ 19. Rxe1 Re8 20. Re5
c6 21. f4 f6 22. Rxe8+ Nxe8 23. Kf2 Nd6 24. Ke3 Kf7 25. g3 g6 26. Bf1 h6 27.
Bd3 f5 28. Kf3 Kf6 29. Ke3 Kf7 30. Kf3 Kf6 31. Ke3 Kf7 1/2-1/2

[Event "SportAccord Blindfold Women 2012"]
[Site "Beijing CHN"]
[Date "2012.12.18"]
[Round "4.5"]
[White "Danielian, Elina"]
[Black "Zhao, Xue"]
[Result "1/2-1/2"]
[WhiteElo "2476"]
[BlackElo "2565"]
[PlyCount "168"]
[EventDate "2012.12.18"]

1. d4 Nf6 2. Nf3 e6 3. e3 d5 4. c4 Bd6 5. Nbd2 b6 6. Bd3 Bb7 7. O-O Nbd7 8. b3
c5 9. Bb2 cxd4 10. exd4 dxc4 11. bxc4 Rc8 12. Qe2 Bf4 13. Ba3 Qc7 14. d5 Nc5
15. Bxc5 Qxc5 16. Nb3 Qe7 17. Rfe1 O-O 18. g3 Bb8 19. Ng5 h6 20. Nh3 Qd6 21.
dxe6 Qc6 22. f3 Qxe6 23. Qxe6 fxe6 24. f4 Rcd8 25. Nf2 Ng4 26. Be4 Bxe4 27.
Nxe4 e5 28. h3 Nf6 29. Nxf6+ gxf6 30. f5 Rd3 31. Kf2 Rfd8 32. Re3 e4 33. Rae1
Kf7 34. Rxd3 exd3 35. Rd1 Be5 36. Ke3 Rc8 37. Rxd3 Ke7 38. Nd2 Bxg3 39. Rc3 Bd6
40. Ne4 Bb4 41. Rc2 Kf7 42. a3 Be7 43. a4 Bb4 44. Rg2 Rxc4 45. Rg6 Bc5+ 46. Kf3
Be7 47. Rxf6+ Bxf6 48. Nd6+ Ke7 49. Nxc4 Bc3 50. Ke4 Be1 51. Ne5 a6 52. Nc6+
Kf6 53. Nb8 b5 54. axb5 axb5 55. Nd7+ Ke7 56. Nb6 b4 57. Nd5+ Kd6 58. f6 Ke6
59. f7 Kxf7 60. Nxb4 Bxb4 61. h4 Kg6 62. h5+ Kg5 63. Kf3 Kh4 64. Kg2 Kg4 65.
Kh2 Kxh5 66. Kg2 Kg4 67. Kh2 Kf3 68. Kh1 Kf2 69. Kh2 Kf1 70. Kh1 Be1 71. Kh2
Ke2 72. Kh1 Kf3 73. Kh2 Bg3+ 74. Kh1 Kg4 75. Kg2 h5 76. Kh1 Kh3 77. Kg1 Bf4 78.
Kh1 Bg3 79. Kg1 Kg4 80. Kg2 h4 81. Kg1 h3 82. Kh1 h2 83. Kg2 Bf4 84. Kh1 Kf3
1/2-1/2

[Event "SportAccord Blindfold Women 2012"]
[Site "Beijing CHN"]
[Date "2012.12.18"]
[Round "4.6"]
[White "Cramling, Pia"]
[Black "Khotenashvili, Bela"]
[Result "1-0"]
[WhiteElo "2516"]
[BlackElo "2504"]
[PlyCount "79"]
[EventDate "2012.12.18"]

1. d4 Nf6 2. Nf3 g6 3. c4 Bg7 4. Nc3 d5 5. cxd5 Nxd5 6. Bd2 Nb6 7. Bg5 h6 8.
Bh4 O-O 9. e3 Be6 10. Rc1 Nc6 11. Be2 Qd7 12. a3 f5 13. Bg3 a6 14. O-O Bf7 15.
Qc2 Nd5 16. Rfd1 g5 17. Ne5 Nxe5 18. Bxe5 c6 19. Bxg7 Kxg7 20. Na4 Bg6 21. Nc5
Qc8 22. Qb3 Rb8 23. Bf3 Bf7 24. Qc2 g4 25. Be2 Bg6 26. Qd2 Rf6 27. Bc4 Qd8 28.
Nd3 Qd6 29. Ne5 h5 30. Qa5 e6 31. Qc5 Rd8 32. Qxd6 Rxd6 33. Re1 Rd8 34. Nd3
Rdf8 35. Nc5 R8f7 36. b4 h4 37. Nd3 Re7 38. Nf4 Bf7 39. Bxd5 exd5 40. a4 1-0

[Event "SportAccord Blindfold Women 2012"]
[Site "Beijing CHN"]
[Date "2012.12.18"]
[Round "4.8"]
[White "Paehtz, Elisabeth"]
[Black "Socko, Monika"]
[Result "1-0"]
[WhiteElo "2482"]
[BlackElo "2445"]
[PlyCount "86"]
[EventDate "2012.12.18"]

1. e4 e6 2. d4 d5 3. Nc3 Bb4 4. Nge2 dxe4 5. a3 Be7 6. Nxe4 Nf6 7. Nxf6+ Bxf6
8. Be3 Nd7 9. Qd2 O-O 10. O-O-O Nb6 11. Nc3 Bd7 12. Bd3 Bc6 13. f3 Nd5 14. Nxd5
Bxd5 15. Kb1 b5 16. Bxb5 Rb8 17. c4 Qe7 18. Qb4 Qxb4 19. axb4 Be7 20. Bf4 Bd6
21. Bxd6 cxd6 22. b3 Bb7 23. Kb2 a6 24. Ba4 Rfc8 25. Ra1 Rc7 26. Rhc1 Kf8 27.
b5 Bc8 28. bxa6 Bxa6 29. c5 Ke7 30. Ka3 d5 31. Kb2 f6 32. Re1 e5 33. f4 e4 34.
Kc3 Ke6 35. Bd7+ Rxd7 36. Rxa6+ Kf5 37. g3 Kg4 38. b4 Rdb7 39. Rb1 e3 40. Re6
Kf3 41. c6 Rb6 42. c7 Rxe6 43. cxb8=Q e2 1-0